Top 50 Breweries in the United States Quiz Stats

Quiz not verified by Sporcle

Also try: State Consonants
Challenge
Share
Tweet
Embed
Score 0/50 Timer 13:00
0 Plays Today
Ranking Brewery % Correct
2MillerCoors Brewing Co.
95.5%
1Anheuser-Busch
90.9%
4Boston Brewing Co.
76.1%
5D. G. Yuengling and Son Inc.
53.4%
3Pabst Brewing Co.
49.4%
6Sierra Nevada Brewing Co.
46.6%
33Dogfish Head Craft Brewery
38.6%
8New Belgium Brewing Co.
35.2%
18Magic Hat Brewing Co.
34.1%
22Goose Island Beer Co.
32.4%
24Anchor Brewing Co.
32.4%
28Stone Brewing Co.
29.5%
36Oregon Brewing Co.
29.5%
10Spoetzl Brewery
29%
31The Brooklyn Brewery
27.8%
21Bell's Brewery, Inc.
26.7%
20Harpoon Brewery
25.6%
23Kona Brewery LLC
25%
38The Lagunitas Brewing Co.
23.3%
30Abita Brewing Co.
22.2%
7Craft Brewers Alliance, Inc.
21%
12Deschutes Brewery
17%
41Flying Dog Brewing Co.
16.5%
46Victory Brewing Co.
16.5%
16Boulevard Brewing Co.
15.3%
Ranking Brewery % Correct
19Alaskan Brewing Co.
15.3%
11Pyramid Breweries Inc.
14.8%
17Full Sail Brewing Co.
14.8%
32New Glarus Brewing Co.
14.8%
15Matt Brewing Co.
13.1%
50Big Sky Brewing Co.
13.1%
13Iron City Brewing Co.
10.8%
34Long Trail Brewing Co.
9.7%
9High Falls Brewing Co.
8.5%
26Shipyard Brewing
8.5%
40SweetWater Brewing Co.
6.8%
27Summit Brewing Co.
6.3%
44BridgePort Brewing Co.
5.1%
45Odell Brewing Co.
5.1%
39Firestone Walker Brewing Co.
4.5%
35Gordon Biersch Brewing Co.
4%
43Rock Bottom Brewery Restaurants
3.4%
29Mendocino Brewing Co.
2.8%
37Great Lakes Brewing Co.
2.8%
14Minhas Craft Brewery
2.3%
25August Schell Brewing Co.
2.3%
47Straub Brewery
1.7%
42BJ's Restaurant & Brewery
1.1%
49Mac and Jack's Brewery
1.1%
48Cold Spring Brewing Co.
0.6%

You're not logged in!

Compare scores with friends on all Sporcle quizzes.
Sign Up with Email
OR
Log In

You Might Also Like...

Show Comments

Extras

Top Quizzes Today


Score Distribution

Your Account Isn't Verified!

In order to create a playlist on Sporcle, you need to verify the email address you used during registration. Go to your Sporcle Settings to finish the process.

Report this User

Report this user for behavior that violates our Community Guidelines.

Details: